Statistics for 10 NFL Teams with the Most Wins

Click here to take the quiz!

General Stats

  • This quiz has been taken 30 times
  • The average score is 9 of 10

Answer Stats

HintAnswer% Correct
790Green Bay Packers
100%
661Pittsburgh Steelers
97%
786Chicago Bears
93%
580Detroit Lions
93%
715New York Giants
93%
613Philadelphia Eagles
93%
604Los Angeles Rams
90%
574San Francisco 49ers
83%
625Washington Commanders
83%
581Arizona Cardinals
76%

Score Distribution

Percentile by Number Answered

Percent of People with Each Score

Your Score History

You have not taken this quiz